Indovina la carta di Clash Royale - Statistics

Statistiche generali
  • Questo quiz è stato fatto 1.002 volte
  • Il punteggio medio è 3 su 6
Statistiche sulle risposte
Indizi Risposta % Corretto
È composta da più unitàÈ di rarità rara Targhetta solo edifici Muore da un razzo Maiali
84%
È di rarità raraÈ una carta elettrica Non vola Ha meno di 600 punti vita Scaricuccioli
55%
Non volaColpisce molto velocemente Costa 4 elisir Colpisce solo truppe a terra Boscaiolo
51%
È di rarità epicaHa più di 2000 punti vita Costa 5 elisir Fa danno ad area Bocciatore
33%
Costa 3 elisirFa danno ad area Ha un raggio di attacco di 5.5 caselle Fa danno quando viene giocata Stregone di ghiaccio
28%
È formata da più unitàColpisce sia terra che aria Non è molto utilizzata Dà il nome ad un'arena Mascalzoni
21%
Nessun quiz corrispondente trovato
Distribuzione punteggi
Percentuale di utenti per punteggio
Percentile per numero di risposta
I tuoi punteggi nel tempo
Non hai fatto questo quiz